[Event "Interzonal-16"]
[Site "Biel"]
[Date "1993.??.??"]
[Round "6"]
[White "Akopian, Vladimir Eduardovic"]
[Black "Ivanchuk, Vassily"]
[Result "1/2-1/2"]
[WhiteElo "2600"]
[BlackElo "2705"]
[Annotator "Ftacnik,Lubomir"]
[PlyCount "68"]
[EventDate "1993.07.16"]
[EventType "swiss"]
[EventRounds "13"]
[EventCountry "SUI"]
[SourceTitle "CBM 037"]
[Source "ChessBase"]
[SourceDate "1993.12.01"]
[SourceVersion "1"]
[SourceVersionDate "1993.12.01"]
[SourceQuality "1"]

1. d4 Nf6 2. c4 e6 3. Nf3 d5 4. Nc3 Nbd7 5. cxd5 exd5 6. Bg5 c6 7. e3 Be7 8. Qc2 O-O 9. Bd3 Re8 10. O-O Nf8 11. h3 g6 12. Rab1 a5 $5 (12... Ne6) 13. a3 Ne6 14. Bh6 ({RR} 14. Bxf6 Bxf6 15. b4 axb4 16. axb4 Qd6 17. Rfd1 Bd7 18. b5 c5 19. dxc5 Qxc5 20. Ne2 Rec8 21. Qxc5 Rxc5 22. Ned4 b6 23. Nc6 Bxc6 24. bxc6 Rxc6 25. e4 Nc5 26. exd5 Rd6 27. Bb5 Rad8 28. Bc6 Ne4 {Stojanovski,S (2169)-Achuthan,A (1947) chess.com INT 2024 ½-½ (87)}) 14... Bd6 $146 ({RR} 14... Ng7 15. b4 axb4 16. axb4 Bf5 17. Ne5 Nd7 18. Bxg7 Bxd3 19. Nxd3 Kxg7 20. b5 Bd6 21. bxc6 bxc6 22. Na4 Rc8 23. Nac5 Nxc5 24. Nxc5 Bxc5 25. Qxc5 Re6 26. Rb7 Rb8 27. Rfb1 Rxb7 28. Rxb7 Qa8 29. Qa7 {Buermann,J (1871)-Gypser,A (2223) Germany 2009 ½-½ (44)}) ({RR} 14... Ng7 15. b4 Bf5 16. Ne5 Bxd3 17. Nxd3 Nf5 18. Bf4 axb4 19. axb4 b5 20. Ne2 Ra6 21. Ra1 Qa8 22. Qb2 Nd7 23. Rxa6 Qxa6 24. Ra1 Qc8 25. Ra7 Nb6 26. Qa1 Na4 27. Nc3 Nxc3 28. Qxc3 Bd6 29. Ne5 {Kovalenko,I (2674)-Jumabayev,R (2628) Chess.com INT 2022 1-0 (44)}) ({RR} 14... Ng7 15. b4 axb4 16. axb4 Bf5 17. Bxg7 Bxd3 18. Qxd3 Kxg7 19. b5 Bd6 20. bxc6 bxc6 21. Rfc1 Ne4 22. Qd1 f5 23. Nxe4 fxe4 24. Nd2 Qf6 25. Rb7+ Kh8 26. Nf1 Re6 27. f4 exf3 28. Qxf3 Rf8 29. Qxf6+ {Yermolinsky,A (2620)-Garcia,G (2520) New York 1994 ½-½ (42)}) 15. Rfe1 Kh8 16. e4 Bf4 17. Ne5 Kg8 18. Bxf4 Nxf4 19. Rbd1 Nxd3 20. Qxd3 Be6 21. exd5 (21. f3 $142 $14 {Akopian,V}) 21... Bxd5 22. Ng4 Nxg4 23. hxg4 Qd6 $10 24. Re3 Qf4 25. Nxd5 cxd5 26. Rf3 Qxg4 27. Qb5 Qe6 28. Rc1 Rac8 29. Rxc8 Qxc8 30. Qxd5 Re1+ 31. Kh2 Qc7+ 32. g3 Re2 33. b4 axb4 34. axb4 Re7 1/2-1/2

[Event "NED-chT 0102 playoff"]
[Site "Enschede"]
[Date "2002.05.10"]
[Round "2.2"]
[White "Sokolov, Ivan"]
[Black "Seirawan, Yasser"]
[Result "1-0"]
[WhiteElo "2647"]
[BlackElo "2631"]
[Annotator "Milov,Vadim"]
[PlyCount "81"]
[EventDate "2002.05.09"]
[EventType "team-k.o."]
[EventRounds "2"]
[EventCountry "NED"]
[SourceTitle "CBM 089"]
[Source "ChessBase"]
[SourceDate "2002.08.12"]
[SourceVersion "1"]
[SourceVersionDate "2002.08.12"]
[SourceQuality "1"]
[WhiteTeam "Ordina Breda"]
[BlackTeam "Hilversum HSG"]
[WhiteTeamCountry "NED"]
[BlackTeamCountry "NED"]

1. d4 Nf6 2. c4 e6 3. Nf3 d5 4. Nc3 Nbd7 5. cxd5 exd5 6. Bg5 h6 7. Bh4 Be7 8. e3 c6 9. Qc2 O-O 10. Bd3 Re8 11. Bg3 Nf8 12. h3 ({RR} 12. O-O Bd6 13. Rab1 Bxg3 14. hxg3 Be6 15. b4 Rc8 16. Rfc1 Re7 17. Na4 Rcc7 18. Nc5 Bc8 19. a4 Ne6 20. Qb2 Nxc5 21. Rxc5 a6 22. b5 cxb5 23. axb5 Rxc5 24. dxc5 axb5 25. Qxb5 Rc7 26. Nd4 Bd7 {Nogueiras Santiago,J (2565)-Andersson,U (2600) Leningrad 1987 ½-½}) 12... Be6 ({RR} 12... Bd6 13. Ne5 a6 14. O-O c5 15. Rad1 b5 16. Bh4 c4 17. Bf5 Bb7 18. f4 Be7 19. Bxf6 Bxf6 20. Qf2 Qe7 21. Bb1 Rad8 22. Ne2 Bh4 23. g3 Bf6 24. Kh2 g6 25. g4 Rd6 26. Ng3 Bh4 27. Nf3 {Harshavardhan,G (2492)-Yu,J (2320) Karlsruhe GER 2026 1-0 (63)}) 13. O-O {Quite a typical position in this opening} N6d7 $146 ({RR} 13... Bd6 14. Bxd6 Qxd6 15. Rab1 Rac8 16. Ne5 N6d7 17. f4 f6 18. Nf3 Bf7 19. Rbe1 Ne6 20. Nh4 Ndf8 21. Qf2 Qd7 22. Qg3 Kh8 23. Bf5 Bg8 24. e4 dxe4 25. Rxe4 Bh7 26. Bxh7 Kxh7 27. Qd3 Kh8 28. Rd1 {Bruemmel,A (2133)-Gharibyan,H (1676) Norderstedt 2005 ½-½ (144)}) ({RR} 13... Rc8 14. Ne5 c5 15. f4 cxd4 16. exd4 Qb6 17. Qf2 Bb4 18. f5 Bd7 19. Rac1 Bxc3 20. bxc3 Bb5 21. Bxb5 Qxb5 22. Bh4 Ne4 23. Qf4 Nxc3 24. Rxc3 Rxc3 25. f6 Ne6 26. Qg4 g5 27. Nxf7 Kh7 28. Qf5+ {Ramirez Marin,I (2303)-Kikuchi Cadilhac,M (1849) chess.com INT 2025 1-0}) 14. Na4 {White transposes the knight to c5 with the further  pawns advance of the queenside, so called the pawn minority attack - the standard plan for White.} a5 15. a3 (15. Rac1 b5 $140 16. Nc3 $14) 15... b5 16. Nc5 {After the exchange on c5 White gets the d4-square under control.} (16. Nc3 $5 {White has a few plans - to attack a weak c6-pawn  or preparation of e3-e4.} a4 17. Rfe1 Nb6 18. Re2 Nc4 19. Rae1 $14) 16... Nxc5 17. dxc5 Nd7 {Black immediately attacks the c5-pawn.} 18. Nd4 Bxc5 19. Nb3 (19. Nxc6 Qb6 20. b4 axb4 (20... Qxc6 21. bxc5 Qxc5 22. Qxc5 Nxc5 23. Bxb5 Rec8 $14) 21. axb4 Qxc6 22. Rxa8 Rxa8 23. Rc1 Ra3 24. bxc5 (24. Qe2 $6 Qb6 25. bxc5 Nxc5 26. Bxb5 Rb3 27. Be8 Rb2 28. Qd1 Ne4 $17) 24... b4 (24... Qxc5 25. Qb2 Rb3 26. Rxc5 Rxb2 27. Rc8+ Nf8 28. Rb8 Rb3 29. Be2 Rc3 30. Bxb5 Rc8 $14) 25. Qd2 Nxc5 26. Qxb4 Rxd3 27. Rxc5 Rb3 $11) 19... Qb6 (19... Qe7 20. Rfc1 Bd6 21. Bxd6 Qxd6 22. Qxc6 Qxc6 23. Rxc6 Ne5 24. Bxb5 $16) 20. Rac1 Be7 21. Qxc6 $14 {The control over the "c" file offers White a slight edge.} b4 22. a4 $6 (22. Bb5 $142 bxa3 23. bxa3 (23. Qxb6 Nxb6 24. Bxe8 axb2 25. Rb1 (25. Rc6 $2 Nc4 26. Rxe6 fxe6 27. Bd7 Kf7 28. Nd4 Nd2 29. Bxe6+ Kf6 $19) 25... Rxe8 26. Rxb2 Nc4 $44) 23... Qxc6 (23... Rec8 24. Qxc8+ Rxc8 25. Rxc8+ Kh7 26. Nd4 $16) (23... Bxa3 24. Qxb6 Nxb6 25. Bxe8 Bxc1 26. Bc6 $18) 24. Rxc6 Nf8 25. Rc7 Reb8 26. Rxe7 Rxb5 27. Nd4 $14) 22... Bf6 {[%cal Yf6b2] The bishop goes to the important diagonal, where it`s controlling the d4-square and is attacking the b2-pawn.} 23. Qc2 (23. Bb5 Bxb2 24. Qxb6 Nxb6 25. Rc2 Bc3 26. Bxe8 Rxe8 $44) 23... Ne5 24. Bb5 Rec8 25. Qe2 Nc4 26. Nd4 $5 {The black pieces became active and now White should search the ways of neutralization of Black`s activity. White decides to solve this problem by sacrificing a pawn.} Bxd4 27. exd4 Nd6 $6 {The d4-pawn should`ve been taken.} (27... Qxd4 28. b3 Na3 {The knight is not that bad on a3. Soon the b3-pawn will be attacked.} (28... Nb6 29. Bc6 Ra7 30. Rfd1 Qe4 31. Qb5 Nd7 32. Re1 Qf5 33. Bxd7 Rxc1 34. Rxc1 Rxd7 35. Qxa5 Qe4 $11) 29. Bc6 Ra7 30. Rfd1 Qe4 31. Qxe4 dxe4 32. Bxe4 Rxc1 33. Rxc1 f5 $17 {[%csl Rb3]}) 28. Bd3 Ne4 $2 (28... Bf5 $142 29. Bxd6 Bxd3 30. Qxd3 Qxd6 $11) 29. Bxe4 dxe4 30. Qxe4 {The d4-pawn will soon become very strong and therefore White has a serious advantage here.} Bb3 31. Rc7 $1 {Taking control over the "c"-file.} Bxa4 (31... Rxc7 $2 32. Qxa8+ $18) 32. Rfc1 Rd8 {Black should`ve tried to make the white queen leave its strong position in the centre.} (32... Re8 $142 33. Be5 Qe6 34. Qf3 $14) 33. d5 $16 Qf6 34. Be5 $1 {Centralization!} Re8 35. f4 Qd8 (35... Bb5 $5 36. R1c5 Rab8 37. b3 Qb6 38. Kh2 $16) 36. Qf3 Bd7 37. Qg3 f6 $2 {A blunder in a difficult position.} (37... g6 $8 38. Qf2 Rc8 39. Qb6 Rxc7 40. Rxc7 Bf5 41. d6 a4 42. Qxb4 $18) 38. Rxd7 $1 $18 Qxd7 39. Rc7 Rad8 40. Rxd7 Rxd7 41. Bxf6 1-0

[Event "Linares 09th"]
[Site "Linares"]
[Date "1991.??.??"]
[Round "13"]
[White "Karpov, Anatoly"]
[Black "Beliavsky, Alexander G"]
[Result "1-0"]
[WhiteElo "2725"]
[BlackElo "2640"]
[Annotator "Anand,Viswanathan"]
[PlyCount "124"]
[EventDate "1991.02.??"]
[EventType "tourn"]
[EventRounds "13"]
[EventCountry "ESP"]
[EventCategory "17"]
[SourceTitle "CBM 022"]
[Source "ChessBase"]
[SourceDate "1991.06.01"]
[SourceVersion "1"]
[SourceVersionDate "1991.06.01"]
[SourceQuality "1"]

1. c4 e6 2. Nc3 d5 {Beliavsky remains true to the QGD. I can recall several games between Karpov and him in the QGD} 3. d4 Nf6 4. cxd5 exd5 5. Bg5 c6 ({RR} 5... Nbd7 6. Qc2 c6 7. e3 Be7 8. Bd3 {½-½ (13) Petkov,V (2492)-Strikovic,A (2489) Brena Baja 2022}) 6. e3 Be7 7. Bd3 O-O 8. Qc2 Nbd7 9. Nf3 Re8 10. h3 Nf8 11. O-O g6 (11... Be6 12. Bf4 (12. Rfc1 N6d7 13. Bf4 Nb6 14. Rab1 Bd6 15. Ne2 Ng6 16. Bxd6 Qxd6 17. a4 {Karpov-Haritonov USSRch 1988}) 12... Bd6 13. Bxd6 Qxd6 {Karpov-Beliavsky Tilburg 1986}) 12. Bxf6 Bxf6 13. b4 Ne6 14. Rfd1 a6 15. Bf1 $146 (15. a4 {Karpov-Beliavsky Belfort 1988}) ({RR} 15. a4 Qd6 16. Qb3 Rd8 17. Bf1 Bg7 18. Ra2 Nc7 19. Ne1 Bf5 20. Ne2 Bf8 21. Rb2 Qf6 22. Nf4 Ne8 23. Rc1 h5 24. Ra2 Bd6 25. Nfd3 Nc7 26. Nc5 Rab8 27. b5 b6 28. Nxa6 Nxa6 29. bxa6 c5 {Karpov,A (2715)-Beliavsky,A (2645) Belfort 1988 1-0 (60)}) ({RR} 15. Rab1 Be7 16. a4 Bd6 17. Re1 Ng5 18. Nxg5 Qxg5 19. Kf1 Be6 20. Ne2 Qh4 21. Ng1 Qe7 22. Qc3 Qf6 23. Qc2 Rac8 24. Qd1 Kg7 25. Rb2 Qe7 26. Qb1 Qf6 27. Qd1 h5 28. Qf3 Qg5 29. Qd1 Bd7 {Portisch,L (2610)-Beliavsky,A (2640) Linares 1989 0-1 (42)}) 15... Qd6 16. a3 Bd8 $6 { f5} 17. e4 $1 dxe4 18. Nxe4 Qf4 19. Re1 Bb6 20. Qc3 Rd8 21. g3 Qh6 (21... Qf5 22. Rad1 $1 $16 (22. Nh4 Bxd4)) 22. Rad1 Qg7 23. Nc5 a5 24. Qb3 axb4 25. axb4 Nc7 26. Bc4 $16 Nd5 27. Kg2 Qf6 28. Ne5 Kg7 29. h4 Ra7 (29... Qd6) 30. Rd3 $1 Bf5 31. Rf3 h5 32. Ncd7 Qd6 33. Nxb6 Nxb6 34. Bxf7 (34. Bd3 $5 Be6 35. Rxf7+ Kg8 $1) 34... Nd5 35. Bxd5 (35. b5 $16) 35... Qxd5 36. Qxd5 Rxd5 37. Rf4 Ra4 38. f3 Rxb4 39. g4 hxg4 40. fxg4 Rb2+ 41. Kg3 Be6 42. Nxg6 Rb3+ 43. Kf2 Rb2+ 44. Kg3 Rb3+ 45. Kf2 Rb2+ 46. Kg1 Rd6 47. Nf8 Bf7 48. Re7 Kxf8 49. Rexf7+ (49. Rfxf7+ Kg8 50. Rg7+ Kh8 51. Rh7+ Kg8 52. Reg7+ Kf8 53. Rxb7 Rxb7 54. Rxb7 Rxd4) 49... Kg8 50. h5 Re6 (50... Rxd4 $4 51. Rf8+ Kg7 52. h6+) 51. Rf8+ Kg7 52. R4f7+ Kh6 53. Rf6+ Rxf6 54. Rxf6+ Kg5 55. Rg6+ Kf4 56. h6 Kg3 57. Kf1 Kf3 58. Ke1 Ke3 59. Kd1 Kd3 60. Kc1 Rc2+ 61. Kb1 Rg2 (61... Rh2 $8 62. g5 Kc3 63. Rg7 b5 64. Rc7 $18) 62. Rg5 Rh2 (62... Rh2 63. Rh5 $18) 1-0

[Event "Dortmund"]
[Site "Dortmund"]
[Date "1992.??.??"]
[Round "7"]
[White "Kamsky, Gata"]
[Black "Shirov, Alexei"]
[Result "1-0"]
[WhiteElo "2655"]
[BlackElo "2655"]
[Annotator "Dautov,Rustem"]
[PlyCount "59"]
[EventDate "1992.04.16"]
[EventType "tourn"]
[EventRounds "9"]
[EventCountry "GER"]
[EventCategory "17"]
[SourceTitle "CBM 029"]
[Source "ChessBase"]
[SourceDate "1992.08.01"]
[SourceVersion "1"]
[SourceVersionDate "1992.08.01"]
[SourceQuality "1"]

1. d4 {Ftacnik} d5 2. c4 c6 3. Nf3 Nf6 4. Nc3 e6 5. cxd5 exd5 6. Bg5 Be7 7. Qc2 g6 8. e4 O-O (8... Nxe4 $2 9. Bxe7 Kxe7 10. Nxe4 dxe4 11. Qxe4+ Be6 12. Bc4 Qa5+ 13. Kf1 Qf5 14. Qe3 Nd7 15. Re1 Rae8 16. d5 cxd5 17. Bb5 $16 {Karpov,An-Yusupov,A SSSR ch 1988}) (8... dxe4 $142 9. Bxf6 Bxf6 10. Qxe4+ Kf8 $10) ({RR} 8... Nxe4 9. Bxe7 Kxe7 10. Nxe4 dxe4 11. Qxe4+ Kf8 12. Bc4 Nd7 13. O-O {½-½ (13) Riazantsev,A (2634)-Naiditsch,A (2693) Budva 2009}) ({RR} 8... Nxe4 9. Bxe7 Kxe7 10. Nxe4 dxe4 11. Qxe4+ Kf8 12. Bc4 Qe7 13. Qxe7+ Kxe7 14. O-O-O Kf6 15. Ne5 Rf8 16. Rhe1 Nd7 17. Nd3 Nb6 18. Bb3 Nd5 19. Bxd5 cxd5 20. Kd2 Be6 21. Rc1 Rfc8 22. Ke3 b6 23. Rxc8 {Gorovets,A (2455)-Vasilkov,N (2293) Moscow RUS 2025 ½-½ (74)}) 9. e5 Ne4 10. Bh6 Re8 11. Bd3 $146 (11. h3 Nxc3 12. bxc3 c5 13. Bb5 Nc6 14. O-O Bf5 15. Qd2 Qa5 16. Bxc6 bxc6 17. dxc5 Qxc5 18. Nd4 Bd7 $10 {Tal,M-Renet,O Cannes 1989}) ({RR} 11. h3 Nxc3 12. bxc3 c5 13. Bb5 Nc6 14. O-O Bf5 15. Qd2 Qa5 16. Bxc6 bxc6 17. dxc5 Qxc5 18. Nd4 Bd7 19. Rab1 Rab8 20. Qf4 Rb6 21. e6 fxe6 22. Nf3 Bd8 23. Ne5 Qe7 24. Rbe1 c5 25. Re3 Bb5 {Tal,M (2610)-Renet,O (2480) Cannes 1989 ½-½ (33)}) 11... Nxc3 12. bxc3 c5 (12... Bg4 $5 13. h4 $5 Bxf3 14. gxf3 Bxh4 15. f4 $40) 13. h4 cxd4 $2 (13... Bg4 $2 14. h5 Bxh5 15. Rxh5 gxh5 16. Bxh7+ Kh8 17. Qf5 Qd7 18. Qxf7 Bd8 19. Qg6 $18) (13... Nc6 14. h5 c4 15. Bxg6 fxg6 16. hxg6 $40 {gh,g6}) (13... c4 14. Be2 Nc6 (14... Bf5 {Ftacnik} 15. Qd2 Nd7 16. h5 Nf8 $14) 15. h5 Bf5 16. Qc1 b5 17. Ng5 $22 f6 18. g4 fxg5 19. gxf5 gxf5 20. Rg1 Kh8 21. Rxg5 $1 $40) 14. h5 $1 g5 (14... Qb6 15. Rb1 $16 (15. hxg6 {Ftacnik} hxg6 16. Rb1 Qe6 17. cxd4 $16)) (14... Nc6 {Ftacnik} 15. hxg6 hxg6 16. Bxg6 $18) (14... Qa5 {Ftacnik} 15. hxg6 hxg6 16. Nxd4 $16) 15. Bxh7+ Kh8 16. Bg6 $1 (16. cxd4 Nc6 $132 {g4}) (16. Nxd4 Qb6 17. Bg6 fxg6 18. hxg6 Kg8 $13) 16... Be6 $8 (16... fxg6 17. hxg6 Kg8 18. g7 $18 {g5} (18. Bxg5 {Ftacnik} Bxg5 19. g7 $18)) 17. Nxd4 Qc8 18. Qd2 $1 fxg6 (18... Rg8 {Ftacnik} 19. Bxg5 Bxg5 20. Qxg5 $18) 19. hxg6 Kg8 20. Rc1 $1 (20. Bxg5 {Ftacnik} Bxg5 21. Qxg5 Qxc3+ 22. Ke2 Qxd4 23. Qh6 Qb2+ $1) 20... Nc6 21. Bxg5 Qc7 (21... Nxe5 22. Bxe7 Rxe7 23. Qh6 $18) 22. Bxe7 Rxe7 (22... Qxe5+ 23. Kf1 Rxe7 24. Re1 Qf6 25. Rxe6 Rxe6 26. Nxe6 Qxe6 27. Rh8+ (27. Qh6 {Ftacnik} Qf6 28. Qh7+ Kf8 29. Qh8+ $18) 27... Kxh8 28. Qh6+ Kg8 29. Qh7+ Kf8 30. g7+ $18) 23. Kf1 $1 Rae8 24. Re1 $1 $18 Rg7 (24... Nxe5 {Ftacnik} 25. Qh6 $18) 25. Qh6 Kf8 26. Rh4 Nxd4 27. Qh8+ Rg8 (27... Bg8 {Ftacnik} 28. Rf4+ $18) 28. Qf6+ Bf7 29. Qxf7+ Qxf7 30. gxf7 (30. gxf7 {Ftacnik} Kxf7 31. Rxd4 $18) 1-0

[Event "Bundesliga 1920 final"]
[Site "Karlsruhe"]
[Date "2020.09.17"]
[Round "3.1"]
[White "Mamedyarov, Shakhriyar"]
[Black "L'Ami, Erwin"]
[Result "1/2-1/2"]
[WhiteElo "2764"]
[BlackElo "2620"]
[Annotator "Edouard,Romain"]
[PlyCount "113"]
[EventDate "2020.09.16"]
[EventType "team-tourn"]
[EventRounds "7"]
[EventCountry "GER"]
[SourceTitle "CBM 201 Extra"]
[Source "ChessBase"]
[SourceDate "2021.05.30"]
[SourceVersion "1"]
[SourceVersionDate "2021.05.30"]
[SourceQuality "1"]
[WhiteTeam "Viernheim"]
[BlackTeam "Solingen"]
[WhiteTeamCountry "GER"]
[BlackTeamCountry "GER"]

{[%evp 0,113,30,25,35,-16,0,-14,-13,-42,-20,-24,4,-49,-33,-79,-8,-55,1,-37,-27,-23,26,10,22,22,50,44,86,120,173,110,114,52,62,-40,-40,-269,-36,-46,-46,-18,-18,-35,-9,-9,-9,-9,-9,-29,-9,-24,-9,0,10,10,37,28,28,0,32,-2,17,15,85,88,102,92,89,82,80,67,146,156,168,117,175,122,159,97,152,101,138,151,165,107,178,165,147,87,72,79,94,83,83,122,342,175,166,107,107,92,107,107,135,135,135,135,90,60,60,60,60,54,60,0]} 1. d4 d5 2. c4 e6 3. Nc3 Nf6 4. cxd5 exd5 5. Bg5 c6 6. Qc2 h6 7. Bh4 g6 $5 {An interesting variation: Black simply wants to play ...Bf5, while the f8-bishop still has a choice where to develop.} 8. f3 $5 {Natural and typical Mamedyarov style: Black played many pawn moves to White wants to punish that with f3-e4, which comes in perfect time against ...Bf5. Up to now almost everyone had chosen 8.e3.} Bg7 (8... Bf5 $2 9. e4 $16) 9. O-O-O O-O $5 $146 ({The only existing game continued} 9... Be6 10. e4 Qa5 11. Kb1 (11. e5 Nfd7 12. Nh3 $5) (11. Be1 $5) (11. Nh3 $5 dxe4 12. Nf4 Bxa2 13. fxe4 $44) 11... O-O 12. Qd2 $2 (12. Nge2 $5) (12. Nh3 $5) 12... g5 $2 (12... dxe4 $1 13. fxe4 $2 Nxe4 $1 14. Nxe4 Qxa2+ 15. Kc1 Qa1+ 16. Kc2 Qa4+ 17. Kc1 Bb3 $19) 13. e5 $1 Nfd7 14. Bf2 c5 $13 {½-½ (45) Lin,D (2288)-Ghatti,S (2204) Irving 2017}) 10. e4 dxe4 11. fxe4 g5 $146 (11... Qa5 {was the engine's choice:} 12. Nf3 (12. h3 Na6 $13) (12. e5 $6 Ng4 $132) 12... Be6 {and the position doesn't look clear.}) ({RR} 11... Qa5 12. Nf3 Be6 13. a3 b5 14. e5 Nd5 15. Nxd5 cxd5 16. Kb1 Rc8 17. Qd2 Qb6 18. Be7 Nc6 19. Bc5 Qb7 20. h4 b4 21. a4 b3 22. h5 Bf5+ 23. Bd3 Qa6 24. hxg6 fxg6 25. Bxf5 gxf5 26. Rxh6 {Mamedyarov,S (2767)-Asadli,V (2579) Baku 2021 1-0}) ({RR} 11... Qa5 12. Bc4 Na6 13. Nf3 b5 14. Bb3 c5 15. e5 Bf5 16. Qe2 c4 17. exf6 Rfe8 18. Ne5 cxb3 19. fxg7 bxa2 20. Kd2 Qb4 21. Ke1 Bb1 22. Qf3 Rxe5+ 23. dxe5 Re8 24. Bf6 a1=Q 25. Qc6 Nc7 26. Rf1 {Yoo,C (2600)-Le,Q (2731) chess.com INT 2024 0-1 (32)}) 12. Bg3 Ng4 (12... b5 13. h4 $40) 13. Qd2 c5 {Impressive style by Erwin, who had already beaten Mamedyarov (with White) in Reykjavik a few years before.} 14. h3 (14. d5 {definitely deserves attention too. I believe Black's normal reaction would be} f5 {and after} 15. h3 f4 {the position remains quite unclear.}) 14... cxd4 $1 15. hxg4 Bxg4 {The game enters a spin.} 16. Nd5 $5 (16. Nce2 Nc6 $44) 16... Bxd1 17. Bc7 $1 {A very forcing move - the black queen does not have a good square.} (17. Qxd1 Nd7 $13) 17... Qe8 (17... Qd7 $2 18. Rxh6 $18) 18. Rxh6 Qxe4 $1 (18... Nd7 $2 19. Qxg5 Rc8 20. Kxd1 Rxc7 21. Rh4 $1 $18 {with the idea of Ne7+ or Qf5/Qh5.} (21. Nxc7 $2 Qxe4 $132)) 19. Bd3 $8 Qxd5 20. Bh7+ Kh8 21. Be4+ Bxh6 22. Bxd5 Rc8 $8 (22... Bh5 23. Bxb7 $18) 23. Kxd1 Rxc7 {What a forced line that was - since move 17!} 24. Nf3 Nc6 25. Nxg5 Kg7 26. Qf4 Rac8 27. Qg3 $2 (27. Be4 $1 {was stronger, but I really regard it as an impossible-to-find computer move.} Bxg5 28. Qxg5+ Kf8 29. Bf5 $1 Rd8 30. Qf4 Rcd7 (30... Re7 $4 31. Qh6+ $18) 31. Bxd7 Rxd7 $16) 27... Bxg5 28. Qxg5+ Kf8 29. Qf6 Nd8 30. g4 Rd7 31. Be4 Rc6 $6 {Sort of surrendering under pressure - but it wasn't needed.} (31... Rcc7 $1 32. Bf5 (32. g5 d3 33. g6 d2 $11) 32... Rd5 $11) 32. Bxc6 Nxc6 {Obviously, that position remains rather drawish, with sufficient material for the queen and just a weaker king.} 33. g5 Ke8 34. b4 a6 35. a4 d3 36. Kd2 Rd5 37. Qf4 Rd7 38. Qf5 Kd8 39. Qc5 Ke8 40. a5 Nd8 41. Qe5+ Kf8 42. Qe4 Rd6 43. Qe5 Rd7 44. Kc1 d2+ 45. Kd1 Nc6 $6 (45... Ne6 $1 46. g6 Kg8 $1 {would have been difficult to break.}) 46. Qh8+ Ke7 47. b5 $1 Nxa5 48. bxa6 $6 (48. Qc3 Nc6 49. bxc6 bxc6 50. Qxc6 {but I do not think White is winning at all here, despite the +4 evaluation by the engine.}) 48... Nc4 $1 49. Qf6+ Ke8 50. Qc3 b5 $2 {Ignoring the a6-pawn to keep a powerful knight on c4 - but objectively a very bad choice!} (50... bxa6 51. Qxc4 {should be a draw, I believe, although Black is definitely under huge pressure.}) 51. g6 $1 {Probably the move Erwin overlooked!} f6 (51... fxg6 $2 52. a7 $1 $18) 52. a7 Rxa7 53. Qxf6 Re7 {Even here the win wasn't easy to find, especially with little time on the clock.} 54. Qh8+ $4 (54. Qc6+ $1 Kf8 (54... Kd8 55. Qd5+ $1 Kc7 56. Qc5+ Kd8 57. Qg5 $18) 55. Qc5 $1 $18) 54... Kd7 55. Qh3+ Kd8 56. Qh4 Ke8 57. Qh8+ 1/2-1/2